00505nam a2200121Ia 4500008004100000020001500041100002100056245010300077260004400180300001900224999001900243952012100262180205s9999 xx 000 0 und d a9712327787 aMalaya, Jonathan cUychoco, ArnellaHit the podium :bgetting started in debate includes ten great political speeches aRecto Avenue CitybREX book storec1999 aiii, 240 pages c354801d354801 001040aCLbCLcFILd2018-02-05eLibrary Fundl0oPN 4193.P6 .M239 1999pC1055r2018-05-08 00:00:00w2018-02-05yBK